Punca dan tahap tekanan pengurusan di kalangan pentadbir sekolah rendah /
Saved in:
| 主要作者: | |
|---|---|
| 格式: | Thesis 圖書 |
| 語言: | Malay |
| 出版: |
1996.
|
| 主題: | |
| 標簽: |
添加標簽
沒有標簽, 成為第一個標記此記錄!
|
| LEADER | 01254cam a2200301 a 4500 | ||
|---|---|---|---|
| 001 | u414916 | ||
| 003 | SIRSI | ||
| 008 | 850208s1996 my t 00 10 may m | ||
| 035 | |a ACD-7185 | ||
| 040 | |a UMM | ||
| 043 | |a a-my-se | ||
| 090 | |a LB2831.926 |b M4Abuom | ||
| 091 | |a Microfiche 13963 | ||
| 100 | 0 | 0 | |a Abu Omar Mos. |
| 245 | 1 | 0 | |a Punca dan tahap tekanan pengurusan di kalangan pentadbir sekolah rendah / |c Abu Omar bin Mos. |
| 260 | |c 1996. | ||
| 300 | |a x, 127 leaves ; |c 30 cm. | ||
| 500 | |a Microfiche. Kuala Lumpur : University of Malaya Library, 1999. 2 fiches : negative ; 11 x 15 cm. | ||
| 502 | |a Dissertation (M.Ed.) -- Fakulti Pendidikan, Universiti Malaya, 1997. | ||
| 504 | |a Bibliography: 110-116 leaves. | ||
| 650 | 0 | |a Elementary school principals |x Job stress |z Selangor. | |
| 650 | 0 | |a Elementary school administration |z Selangor. | |
| 650 | 0 | |a Stress management |z Selangor. | |
| 710 | 2 | 0 | |a Universiti Malaya. |b Fakulti Pendidikan. |
| 948 | |a 19/08/1997 |b 10/06/2002 | ||
| 596 | |a 1 8 | ||
| 999 | |a LB2831.926 M4ABUOM |w LC |c 1 |i A505993653 |d 11/3/2017 |e 11/3/2017 |l STACKS |m P01UTAMA |n 29 |r Y |s Y |t TESIS |u 25/7/1998 | ||
| 999 | |a LB2831.926 M4ABUOM |w LC |c 1 |i A506701439 |l STACKS |m P08PENDIDI |r Y |s Y |t TESIS |u 10/11/1997 |o .STAFF. Thesis di simpan dalam bilik thesis | ||
